000 00676nam a2200253Ia 4500
003 OSt
005 20221006142757.0
006 a|||||r|||| 00| 0
007 ta
008 221006b |||||||| |||| 00| 0 eng d
020 _c
_2.25
024 _a7,174
037 _cTextual
040 _aEASL
_cEASL
_beng
041 _2eng
_aeng
082 _aY31:1.41.N3, H5
100 _aYang Martin C.
_9135530
245 0 _aChinese village
_b Taitou, shantung province
260 _aNew York
_bColumbia University Press
_c1945
300 _a275p.
_ccm.
490 _v CEL
942 _hY31:1.41.N3, H5
_cTEXL
_2CC
999 _c1075260
_d1075260